000 00710cac a2200229 a 4500
003 Co-PeBPM
005 20250502143742.0
008 231129e2007||||xx |||||||||||||| ||spa||
020 _a9789588236926
040 0 _aCo-PeBPM
_bspa
_cCo-PeBPM
_erda
041 _aspa
082 0 4 _a411 A662ó
_222
100 1 _aArango Ossa, Francisco José
_eAutor
245 1 0 _aOrí­genes Del Alfabeto
_c/Francisco José Arango Ossa
260 _aPereira, Risaralda, Colombia
_b: Editorial Papiro
_c,2007
300 _a53 Páginas
_c;21 Centímetros
500 _aIncluye Índice.
650 1 4 _2LEMB
_aAlfabeto
650 1 4 _2LEMB
_aHistoria
650 1 4 _2LEMB
_aEscritura
942 _2ddc
_cBK
999 _c22195
_d22195